000 00671nam a2200265Ia 4500
003 OSt
005 20221005060315.0
006 a|||||r|||| 00| 0
007 ta
008 221004b |||||||| |||| 00| 0 eng d
020 _a0415192358
024 _a29082
037 _cTextual
040 _aCRL
_cCRL
_beng
041 _2eng
_aeng
082 _aP:3, P0
100 _aEpstein Samuel David
_9599568
245 0 _aEssays in syntactic theory
260 _aLondon
_bRoutledge
_c2000
300 _a216p.
_ccm.
650 _a LINGUISTICS
650 _aLINGUISTICS
942 _hP:3, P0
_cTEXL
_2cc
999 _c966520
_d966520